000 00294nam a2200109Ia 4500
008 200302s9999 xx 000 0 und d
100 _aGallion B. & Simon Eisner
245 _aThe Urban Pattern City Planning and Design
260 _bD.Van Nostrand Company, Inc.,
260 _c1959
300 _a446 P.,
999 _c15
_d15